Qui a participé au Tour de France 2025 ? - Statistiques

Statistiques générales
  • Ce quiz a été pris 442 fois
  • Le résultat moyen est 8 sur 16
Answers on the Grid
Answers color-coded by a green-red scale on the quiz's grid according to % correct below.
Finn Fisher Black
Aleksandr Vlasov
Casper Pedersen
Tadej Pogacar
Rasmus Tiller
Mikel Landa
Bruno Armirail
Guillaume Boivin
Wout Poels
Luca Mezgec
Giulio Ciccone
Valentin Paret-Peintre
Wout Van Aert
David Gaudu
Lenny Martinez
Ryan Gibbons
Neilson Powless
Julien Bernard
Jenno Berckmoes
Andreas Leknessund
Bob Jungels
Remco Evenepoel
Robbe Ghys
Lewis Askey
Kevin Geniets
Alexis Renard
Ion Izagirre
Fabien Grellier
Rui Costa
Jan Hirt
Simone Velasco
Fabio Jakobsen
 
Statistiques - réponses
Réponse % Correct
Tadej Pogacar
91%
Bruno Armirail
74%
Valentin Paret-Peintre
71%
Wout Van Aert
70%
Lenny Martinez
68%
Aleksandr Vlasov
64%
Remco Evenepoel
62%
Neilson Powless
53%
Andreas Leknessund
43%
Simone Velasco
38%
Alexis Renard
35%
Lewis Askey
32%
Ion Izagirre
29%
Luca Mezgec
28%
Jenno Berckmoes
25%
Guillaume Boivin
24%
Aucun quiz correspondant
Distribution des résultats
% des personnes avec chaque résultat
Percentile par nombre de réponses
Votre historique - résultats
Vous n’avez pas pris ce quiz